MARC

LEADER 00000nam0a2200000 4500
001 234433
005 20231101231324.0
010 |a 9781903128770 
035 |a (RuTPU)RU\TPU\book\255556 
035 |a RU\TPU\book\54280 
090 |a 234433 
100 |a 20130325d2011 m y0engy50 ba 
101 0 |a eng 
102 |a GB 
105 |a a j 000zy 
200 1 |a Enterprise Grammar 3  |e Student's Book  |f V. Evans, J. Dooley 
210 |a Newbury  |c Express Publishing  |d 2011 
215 |a 143 p.  |c il. 
606 1 |a Английский язык  |x Учебные руководства и пособия для высшей школы  |x Пособия по грамматике  |2 stltpush  |3 (RuTPU)RU\TPU\subj\29073  |9 52485 
610 1 |a грамматика 
610 1 |a грамматические ошибки 
610 1 |a грамматические трудности 
610 1 |a упражнения 
610 1 |a аутентичные материалы 
686 |a Ш143.21-923.2  |v LBC/SL-A  |2 rubbk 
700 1 |a Evans  |b V.  |g Virginia 
701 1 |a Dooley  |b J.  |g Jenny 
801 1 |a RU  |b 63413507  |c 20030512  |g PSBO 
801 2 |a RU  |b 63413507  |c 20030829  |g PSBO 
801 2 |a RU  |b 63413507  |c 20230331  |g PSBO 
942 |c BK